<?xml version="1.0" encoding="UTF-8"?>
<record
    xmlns:xsi="http://www.w3.org/2001/XMLSchema-instance"
    xsi:schemaLocation="http://www.loc.gov/MARC21/slim http://www.loc.gov/standards/marcxml/schema/MARC21slim.xsd"
    xmlns="http://www.loc.gov/MARC21/slim">

  <leader>01347cam a2200325 a 4500</leader>
  <controlfield tag="001">78403</controlfield>
  <controlfield tag="003">BD-RjUL</controlfield>
  <controlfield tag="005">20211209083127.0</controlfield>
  <controlfield tag="008">210919s20031382ir       b    001 0bper d</controlfield>
  <datafield tag="020" ind1=" " ind2=" ">
    <subfield code="a">9643612104</subfield>
  </datafield>
  <datafield tag="020" ind1=" " ind2=" ">
    <subfield code="a">9789643612108</subfield>
  </datafield>
  <datafield tag="035" ind1=" " ind2=" ">
    <subfield code="a">(BD-RjUL)78629</subfield>
  </datafield>
  <datafield tag="040" ind1=" " ind2=" ">
    <subfield code="a">CLU</subfield>
    <subfield code="c">CLU</subfield>
    <subfield code="d">FLD</subfield>
    <subfield code="d">OSU</subfield>
    <subfield code="d">DLC</subfield>
    <subfield code="b">eng</subfield>
  </datafield>
  <datafield tag="041" ind1=" " ind2=" ">
    <subfield code="a">per</subfield>
  </datafield>
  <datafield tag="082" ind1=" " ind2=" ">
    <subfield code="2">23</subfield>
    <subfield code="a">947.54</subfield>
    <subfield code="b">BAG 2003[1382]</subfield>
  </datafield>
  <datafield tag="100" ind1="1" ind2=" ">
    <subfield code="a">&#x200F;&#x628;&#x627;&#x643;&#x64A;&#x62E;&#x627;&#x646;&#x648;&#x641;&#x60C; &#x639;&#x628;&#x627;&#x633;&#x642;&#x644;&#x649; ;; Bakikhanov, Abbas-Kuli-aga,</subfield>
    <subfield code="d">1794-1847.</subfield>
    <subfield code="9">248104</subfield>
  </datafield>
  <datafield tag="245" ind1="1" ind2="0">
    <subfield code="a">&#x6AF;&#x644;&#x633;&#x62A;&#x627;&#x646; &#x627;&#x631;&#x645; ;; Gulist&#x101;n-i iram /</subfield>
    <subfield code="c">&#x639;&#x628;&#x627;&#x633;&#x642;&#x644;&#x649; &#x622;&#x642;&#x627; &#x642;&#x62F;&#x633;&#x649; &#x61B; &#x648;&#x64A;&#x631;&#x627;&#x633;&#x62A;&#x627;&#x631; &#x645;&#x647;&#x62F;&#x649; &#x643;&#x631;&#x64A;&#x645;&#x649;.;; &#x2BB;Abb&#x101;squl&#x12B; &#x100;q&#x101; Quds&#x12B; ; [v&#x12B;r&#x101;st&#x101;r, Mahd&#x12B; Kar&#x12B;m&#x12B;].</subfield>
  </datafield>
  <datafield tag="250" ind1=" " ind2=" ">
    <subfield code="a">Ch&#x101;p-i 1.</subfield>
  </datafield>
  <datafield tag="260" ind1=" " ind2=" ">
    <subfield code="a">Tihr&#x101;n :</subfield>
    <subfield code="b">Markaz-i Asn&#x101;d va Khadam&#x101;t-i Pizh&#x16B;hish&#x12B;,</subfield>
    <subfield code="c">1382 [2003]</subfield>
  </datafield>
  <datafield tag="260" ind1=" " ind2=" ">
    <subfield code="a">&#x62A;&#x647;&#x631;&#x627;&#x646; :&#x200F;</subfield>
    <subfield code="b">&#x645;&#x631;&#x643;&#x632; &#x627;&#x633;&#x646;&#x627;&#x62F; &#x648; &#x62E;&#x62F;&#x645;&#x627;&#x62A; &#x67E;&#x698;&#x648;&#x647;&#x634;&#x649;&#x60C;&#x200F;</subfield>
    <subfield code="c">1382 [2003]&#x202C;</subfield>
  </datafield>
  <datafield tag="300" ind1=" " ind2=" ">
    <subfield code="a">[24], 354 p. ;</subfield>
    <subfield code="c">24 cm.</subfield>
  </datafield>
  <datafield tag="504" ind1=" " ind2=" ">
    <subfield code="a">Includes bibliographical references and indexes.</subfield>
  </datafield>
  <datafield tag="600" ind1="1" ind2="0">
    <subfield code="a">Bakikhanov, Abbas-Kuli-aga,</subfield>
    <subfield code="d">1794-1847.</subfield>
    <subfield code="9">248113</subfield>
  </datafield>
  <datafield tag="650" ind1=" " ind2=" ">
    <subfield code="a"> Azerbaijan </subfield>
    <subfield code="v"> History. </subfield>
    <subfield code="9">248106</subfield>
  </datafield>
  <datafield tag="650" ind1=" " ind2=" ">
    <subfield code="a">Azerbaijan.</subfield>
    <subfield code="9">248107</subfield>
  </datafield>
  <datafield tag="651" ind1=" " ind2="0">
    <subfield code="a">Shirvan (Kingdom)</subfield>
    <subfield code="x">History.</subfield>
    <subfield code="9">248108</subfield>
  </datafield>
  <datafield tag="651" ind1=" " ind2="0">
    <subfield code="a">Dagestan (Russia)</subfield>
    <subfield code="x">History.</subfield>
    <subfield code="9">248109</subfield>
  </datafield>
  <datafield tag="700" ind1="1" ind2=" ">
    <subfield code="a">&#x643;&#x631;&#x64A;&#x645;&#x649;, &#x645;&#x647;&#x62F;&#x649;  ;; Kar&#x12B;m&#x12B;, Mahd&#x12B;,</subfield>
    <subfield code="d">1978 or 1979-</subfield>
    <subfield code="9">248110</subfield>
  </datafield>
  <datafield tag="942" ind1=" " ind2=" ">
    <subfield code="2">ddc</subfield>
    <subfield code="c">BK</subfield>
  </datafield>
  <datafield tag="999" ind1=" " ind2=" ">
    <subfield code="c">78403</subfield>
    <subfield code="d">78403</subfield>
  </datafield>
  <datafield tag="952" ind1=" " ind2=" ">
    <subfield code="0">0</subfield>
    <subfield code="1">0</subfield>
    <subfield code="2">ddc</subfield>
    <subfield code="4">0</subfield>
    <subfield code="7">1</subfield>
    <subfield code="8">NFIC</subfield>
    <subfield code="a">RUCL</subfield>
    <subfield code="b">RUCL</subfield>
    <subfield code="c">Reading</subfield>
    <subfield code="d">2007-08-03</subfield>
    <subfield code="e">Embassy of Iran</subfield>
    <subfield code="l">0</subfield>
    <subfield code="o">F 947.54 BAG 2003[1382]</subfield>
    <subfield code="r">2021-09-19 00:00:00</subfield>
    <subfield code="t">C-1</subfield>
    <subfield code="w">2021-09-19</subfield>
    <subfield code="y">BK</subfield>
  </datafield>
</record>
